000 00546nam a2200181Ia 4500
008 100920s9999 xx 000 0 und d
082 _b9909
_a491.462 थ 60
100 _aवकील व्यंकटेश शंकर.
245 _aतीन घटका.
260 _bसंतोष प्रकाशन,मुंबई.
_c1960
300 _a54
_bसाधी
365 _b1.5
520 _aनाटक.
630 _aतीन घटका.
650 _aनाटक.
730 _aतीन घटका.
942 _cBOOK
999 _c676571
_d676568